Indian painting (Record no. 1042962)

MARC details
000 -LEADER
fixed length control field 00791nam a2200265Ia 4500
003 - CONTROL NUMBER IDENTIFIER
control field OSt
005 - DATE AND TIME OF LATEST TRANSACTION
control field 20221005122012.0
008 - FIXED-LENGTH DATA ELEMENTS--GENERAL INFORMATION
fixed length control field 221004b |||||||| |||| 00| 0 eng d
020 ## - INTERNATIONAL STANDARD BOOK NUMBER
International Standard Book Number 9781935677390 (hbk)
037 ## - SOURCE OF ACQUISITION
Terms of availability Textual
040 ## - CATALOGING SOURCE
Original cataloging agency CRL
Transcribing agency CRL
Language of cataloging eng
041 ## - LANGUAGE CODE
Source of code eng
Language code of text/sound track or separate title eng
100 ## - MAIN ENTRY--PERSONAL NAME
Personal name Sharma Mahesh Ed.
9 (RLIN) 631355
245 #0 - TITLE STATEMENT
Title Indian painting
Remainder of title Themes, histories, interpretations
260 ## - PUBLICATION, DISTRIBUTION, ETC.
Date of publication, distribution, etc. 2013
300 ## - PHYSICAL DESCRIPTION
Extent 492p.
Dimensions cm.
650 ## - SUBJECT ADDED ENTRY--TOPICAL TERM
Topical term or geographic name entry element ARTS
700 ## - ADDED ENTRY--PERSONAL NAME
Personal name Kaimal Padma Ed.
9 (RLIN) 631356
942 ## - ADDED ENTRY ELEMENTS (KOHA)
Classification part NQ44,N, Q3
Koha item type Textual
Source of classification or shelving scheme
Holdings
Withdrawn status Lost status Damaged status Not for loan Home library Current library Date acquired Source of acquisition Cost, normal purchase price Total Checkouts Full call number Barcode Date last seen Cost, replacement price Price effective from Koha item type
        Central Library Central Library 2022-10-05 339, 21/03/2014, Standard Book House 3950.00   NQ44,N Q3 CL1567218 2022-10-05 3950.00 2022-10-05 Textual
Copyright @ Delhi University Library System